000 01934nam a2200421Ia 4500
001 dia_6441
003 CHAP
005 20240508110613.0
007 ta
008 220117s2017 mx bdeof 001 0 spa d
040 _cCHAP
_amxchpua
090 _aT.C.728
_bP47 EIUPA
_c2017
245 1 0 _aReporte de fase de campo del curso en la empresa Quesos Mili, S. A., Chame, República de Panamá /
_ccoordinador Artemio Pérez López ; colaboradores Rolando Abel Guevara Barrios...[y otros]
260 _aMéxico :
_bEl autor,
_c2017
300 _a115 hojas :
_bilustraciones, tablas, gráficas, mapas, planos, fotos
336 _2rdacontent
_atexto
_btxt
337 _2rdamedia
_ano mediado
_bn
338 _2rdacarrier
_avolumen
_bnc
500 _aGrado: 7° año Grupo: 03
502 _aViaje de estudios
_b(EIUPA) --
_cUACh. Departamento de Ingeniería Agroindustrial,
_d2017
504 _aBibliografía: hojas 95-97
505 0 0 _aContiene 4 planos: -- 1.Distribución de áreas de la planta de Queso Mili (Esc. 1:100) -- 2.Distribución de equipo de la planta Quesos Mili (Esc. 1:100) -- 3.Plano de obra civil de la planta de Quesos Mili (Esc. 1:100) -- 4.Recorrido de materia prima en la planta Quesos Mili (Esc. 1:100)
650 1 3 _aIndustria lechera
_9161533
_zPanamá
650 1 3 _aIndustria panadera
_9161534
_zPanamá
650 1 3 _aIndustria quesera
_9161535
_zPanamá
650 1 3 _aBakery industry
_9161530
_zPanamá
650 1 3 _aCheese industry
_9161531
_zPanamá
650 1 3 _aDairy industry
_9161532
_zPanamá
700 1 _aPérez López, Artemio
_9149931
_ecoordinador
700 1 _aGuevara Barrios, Rolando Abel
_9161536
856 4 2 _uhttp://10.13.5.2/ve/TC728EIUPA/TC728EIUPA2017-REPORTE.pdf
_yDESCARGAR REPORTE
901 _aT.C.728 P47 EIUPA 2017
902 _aM
905 _a5232272017 mx edml8223123322spa16
942 _2local
942 _cVE
999 _c177564
_d177564